Welcome to CU Library Online Public Access Catalogue (OPAC)

Introducing human resource management / (Record no. 8682)

MARC details
000 -LEADER
fixed length control field 00713cam a22002294a 4500
001 - CONTROL NUMBER
control field 13797509
005 - DATE AND TIME OF LATEST TRANSACTION
control field 20260212153703.0
008 - FIXED-LENGTH DATA ELEMENTS--GENERAL INFORMATION
fixed length control field 041123s2005 enka b 001 0 eng
020 ## - INTERNATIONAL STANDARD BOOK NUMBER
International Standard Book Number 0273681745
Qualifying information alk. paper
020 ## - INTERNATIONAL STANDARD BOOK NUMBER
International Standard Book Number 9780273681748
Qualifying information (alk. paper)
050 00 - LIBRARY OF CONGRESS CALL NUMBER
Classification number HF5549
Item number .F5875 2005
082 00 - DEWEY DECIMAL CLASSIFICATION NUMBER
Classification number 658.3
Edition information 22
100 1# - MAIN ENTRY--PERSONAL NAME
Personal name Foot, Margaret,
Dates associated with a name 1949-
245 10 - TITLE STATEMENT
Title Introducing human resource management /
Statement of responsibility, etc. Margaret Foot, Caroline Hook.
250 ## - EDITION STATEMENT
Edition statement 4th ed.
260 ## - PUBLICATION, DISTRIBUTION, ETC.
Place of publication, distribution, etc. Essex, England ;
-- New York :
Name of publisher, distributor, etc. Financial Times Prentice Hall,
Date of publication, distribution, etc. 2005.
300 ## - PHYSICAL DESCRIPTION
Extent 510 p. :
Other physical details ill. ;
Dimensions 27 cm.
650 #0 - SUBJECT ADDED ENTRY--TOPICAL TERM
Topical term or geographic name entry element Personnel management.
650 #0 - SUBJECT ADDED ENTRY--TOPICAL TERM
Topical term or geographic name entry element Employee rights.
700 1# - ADDED ENTRY--PERSONAL NAME
Personal name Hook, Caroline,
Dates associated with a name 1946-
942 ## - ADDED ENTRY ELEMENTS (KOHA)
Source of classification or shelving scheme Library of Congress Classification
Koha item type Books
Suppress in OPAC No
999 ## -
-- 8682
-- 8682
Holdings
Withdrawn status Lost status Source of classification or shelving scheme Damaged status Not for loan Collection Home library Current library Shelving location Date acquired Total checkouts Full call number Barcode Date last seen Copy number Price effective from Koha item type Public note
    Library of Congress Classification     Non-fiction Graduate Library (Christ Temple) Graduate Library (Christ Temple) General stacks 02/12/2026   HF 5549.F 5875 FOO GSCT00002355 02/12/2026 1 02/12/2026 Books EAQ
© 2023-2024 Copyright: Central University Libraries. All Rights Reserved | Created by: Mahone Tech Office